000 00544nam a22001937a 4500
005 20251108164051.0
008 250721s2008 xx 000 0 ara d
020 _a9770713066
082 1 4 _aق/عرا
100 1 _aعراق، ناصر
_eمؤلف
245 1 0 _aمن فرط الغرام /
264 1 _aالقاهرة :
_bمؤسسة دار الهلال،
_c2008.
300 _a175ص.
490 0 _aروايات الهلال
650 1 7 _aالادب العربي
650 1 7 _aالقصص الطويله
942 _2ddc
_cBK
999 _c2753
_d2753